[Event "90th Veliko Tarnovo GM"]
[Site "masterchessopen.com Veliko Tarnovo BUL"]
[Date "2017.02.09"]
[Round "5.1"]
[White "Stefanov,Emil"]
[Black "Yordanov,Nikolay2"]
[Result "1-0"]
[WhiteElo "2458"]
[BlackElo "2144"]

1.d4 Nf6 2.c4 e6 3.Nf3 d5 4.g3 Bb4+ 5.Bd2 Be7 6.Bg2 O-O 7.O-O c6 8.Qc2 b6
9.Bf4 Bb7 10.Nbd2 Nh5 11.Bxb8 Rxb8 12.e4 dxe4 13.Nxe4 c5 14.Rad1 cxd4 15.Nxd4
Qc8 16.Nb5 Ba6 17.Ned6 Bxd6 18.Nxd6 Qc7 19.Qa4 Bc8 20.Nb5 Qe7 21.Nxa7 Bb7
22.Nc6 Bxc6 23.Qxc6 Nf6 24.Rd2 Rfd8 25.Rfd1 Rxd2 26.Rxd2 h5 27.h4 g6 28.a3 Rd8
29.Rxd8+ Qxd8 30.Qa8 Qxa8 31.Bxa8 Kf8 32.Kf1 Ke7 33.Ke2 Kd6 34.Bf3 Nd7 35.Ke3
Ne5 36.Be2 Nc6 37.b4 e5 38.Bf3 Nd4 39.Bd5 Ke7 40.Kd3 f6 41.a4 g5 42.a5 bxa5
43.bxa5 Nb3 44.Kc3 {#r} 1-0

[Event "90th Veliko Tarnovo GM"]
[Site "masterchessopen.com Veliko Tarnovo BUL"]
[Date "2017.02.09"]
[Round "5.3"]
[White "Nikolovski,Nikola"]
[Black "Dinev,De"]
[Result "1-0"]
[WhiteElo "2311"]
[BlackElo "2297"]

1.e4 c5 2.Nf3 d6 3.c3 Nf6 4.h3 Nc6 5.Bd3 e6 6.O-O Be7 7.Bc2 O-O 8.Re1 b6 9.d4
Bb7 10.Nbd2 a6 11.Nf1 Rc8 12.Ng3 b5 13.Qe2 g6 14.Bh6 Re8 15.Rad1 Qb6 16.e5 Nd5
17.h4 dxe5 18.dxe5 c4 19.h5 b4 20.Qe4 bxc3 21.Qg4 Bf8 22.Bxf8 Kxf8 23.Ng5 {#r}
1-0

[Event "90th Veliko Tarnovo GM"]
[Site "masterchessopen.com Veliko Tarnovo BUL"]
[Date "2017.02.09"]
[Round "5.4"]
[White "Firat,B"]
[Black "Dimitrov,Vl"]
[Result "1-0"]
[WhiteElo "2492"]
[BlackElo "2391"]

1.Nf3 c5 2.c4 Nc6 3.g3 g6 4.Bg2 Bg7 5.Nc3 b6 6.O-O Bb7 7.e3 Bxc3 8.bxc3 d6
9.e4 Qd7 10.d4 Na5 11.e5 cxd4 12.exd6 Qxd6 13.cxd4 Nxc4 14.Bf4 Qa3 15.Re1 Bd5
16.Rc1 Rd8 17.Bc7 Rd7 18.Ne5 Nxe5 19.Bxe5 f6 20.Rc8+ Kf7 21.Rc7 Bxg2 22.Rxd7
Bf3 23.Bd6 Qxd6 24.Qb3+ Bd5 25.Qxd5+ Qxd5 26.Rxd5 {#r} 1-0

[Event "90th Veliko Tarnovo GM"]
[Site "masterchessopen.com Veliko Tarnovo BUL"]
[Date "2017.02.09"]
[Round "5.5"]
[White "Ninov,N"]
[Black "Erdogdu,M"]
[Result "0-1"]
[WhiteElo "2459"]
[BlackElo "2453"]

1.e4 c5 2.Nf3 Nc6 3.d4 cxd4 4.Nxd4 Qb6 5.Nb5 Nf6 6.Be3 Qd8 7.N1c3 a6 8.Na3 b5
9.f4 d6 10.Nd5 Rb8 11.Nxf6+ gxf6 12.Qh5 f5 13.exf5 Bg7 14.O-O-O Qa5 15.Bd3 Qb4
16.c3 Bxc3 17.bxc3 Qxa3+ 18.Kd2 b4 19.Ke2 bxc3 20.Be4 Bd7 21.Bd5 Rb2+ 22.Kf3
c2 23.Qxf7+ Kd8 24.Rc1 Nd4+ 25.Kf2 Be8 26.Bxd4 Bxf7 27.Bxf7 Rb4 28.Bxh8 Rxf4+
29.Ke2 Re4+ 30.Kd2 Qe3+ 31.Kxc2 Qf2+ 32.Kb1 Qxf5 33.Bb3 e5 34.Ka1 Qf2 35.Rhd1
Kd7 36.Kb1 Qf8 37.Rf1 Rf4 38.Ba4+ Kd8 39.Rxf4 Qxf4 40.Bb3 Qf8 41.Rd1 Ke7
42.Bxe5 dxe5 43.Rd5 Qf1+ 44.Kb2 Qxg2+ 45.Kc3 Qxh2 46.Ra5 Qe2 47.Ra4 h5 48.Bc2
Qe1+ 49.Kb2 a5 50.Re4 Qg3 51.Ra4 Qf2 52.Kb3 h4 53.Rxa5 Qb6+ 54.Ka4 Qd4+ 55.Kb3
h3 56.Ra4 Qe3+ 57.Kb2 Qb6+ 58.Ka3 h2 59.Be4 Qe3+ 60.Kb2 Qe2+ 61.Ka3 Kf6 62.Ba8
Qd3+ 63.Kb2 Qd2+ 64.Kb3 Qd1+ {#R} 0-1

[Event "90th Veliko Tarnovo GM"]
[Site "masterchessopen.com Veliko Tarnovo BUL"]
[Date "2017.02.09"]
[Round "6.1"]
[White "Yordanov,Nikolay2"]
[Black "Erdogdu,M"]
[Result "0-1"]
[WhiteElo "2144"]
[BlackElo "2453"]

1.e4 d5 2.exd5 Qxd5 3.Nc3 Qd6 4.d4 Nf6 5.Bc4 c6 6.Nge2 Bf5 7.Bf4 Qb4 8.Bb3 e6
9.O-O Be7 10.Bc7 Bd8 11.Bxd8 Kxd8 12.Ng3 Bg6 13.f4 Nbd7 14.f5 exf5 15.Nxf5 Kc7
16.a3 Qf8 17.d5 Rd8 18.dxc6 Qc5+ 19.Kh1 bxc6 20.Qf3 Ne5 21.Qf4 Nh5 22.Qb4 Qxb4
23.axb4 Kb8 24.Ne4 Rhe8 25.Ned6 Bxf5 26.Nxf5 g6 27.Ne3 f5 28.Nc4 Nf6 29.Nxe5
Rxe5 30.Rad1 Rxd1 31.Rxd1 Re4 32.h3 Kc7 33.Ra1 Kb7 34.Rd1 Kc7 35.Ra1 Kb6
36.Rd1 Rxb4 37.Rd6 Ne4 38.Rd7 h5 39.Rg7 g5 40.Rg6 Kc5 41.Be6 g4 42.hxg4 hxg4
43.Kh2 g3+ 44.Kh3 f4 45.b3 Kd4 46.Bc4 Rb7 47.Kg4 Ke3 48.Re6 Rg7+ 49.Kh4 Rh7+
50.Kg4 Rg7+ 51.Kh4 Kd4 52.Be2 Nd2 53.Rf6 Ke3 54.Bd1 Re7 55.Kg4 Ne4 56.Rxf4
{#R} 0-1

[Event "90th Veliko Tarnovo GM"]
[Site "masterchessopen.com Veliko Tarnovo BUL"]
[Date "2017.02.09"]
[Round "6.3"]
[White "Dinev,De"]
[Black "Firat,B"]
[Result "0-1"]
[WhiteElo "2297"]
[BlackElo "2492"]

1.Nf3 Nf6 2.d4 g6 3.g3 Bg7 4.Bg2 O-O 5.O-O d5 6.c4 dxc4 7.Na3 c3 8.bxc3 c5
9.e3 Nc6 10.Nc4 Be6 11.Nfe5 Nd5 12.Bb2 Qc7 13.Nxc6 bxc6 14.Qe2 Rab8 15.Rfc1
Qb7 16.Rc2 Qa6 17.Ne5 Qxe2 18.Rxe2 cxd4 19.Nxc6 dxc3 20.Ba3 Rb7 21.Rc1 Re8
22.e4 Nb6 23.e5 Nc4 24.Bc5 Bf5 25.f4 c2 26.Rcxc2 Bxc2 27.Rxc2 Nb6 28.Rb2 e6
29.a4 Rc7 30.Bxb6 axb6 31.Rxb6 Rec8 32.Kf1 Bf8 33.Ra6 Rb7 34.Be4 Rb2 35.h4 h5
36.a5 Bc5 37.Ke1 Kg7 38.Kd1 Bf2 39.Kc1 Rb3 40.Kc2 Rxg3 41.Rb6 Re3 42.Rb5 Rxe4
{#R} 0-1

[Event "90th Veliko Tarnovo GM"]
[Site "masterchessopen.com Veliko Tarnovo BUL"]
[Date "2017.02.09"]
[Round "6.4"]
[White "Petrov,Marij"]
[Black "Nikolovski,Nikola"]
[Result "0-1"]
[WhiteElo "2484"]
[BlackElo "2311"]

1.e4 c5 2.Nf3 d6 3.d4 cxd4 4.Nxd4 Nf6 5.Nc3 g6 6.Be3 Bg7 7.Be2 O-O 8.f4 Nc6
9.Qd3 Bg4 10.O-O-O Qa5 11.Nb3 Qh5 12.Bxg4 Nxg4 13.Bg1 Nb4 14.Qf3 Rfc8 15.Kb1
a5 16.Nd4 e5 17.Nde2 exf4 18.Nxf4 Qh4 19.g3 Ne5 20.Qe2 Qd8 21.Bd4 Qe8 22.h4 a4
23.Nfd5 Nbc6 24.Be3 Na5 25.h5 Nac4 26.Bg5 Qe6 27.Ne7+ Kf8 28.Nxc8 Rxc8 29.hxg6
Nxb2 30.Kxb2 Nc4+ 31.Kc1 Qe5 32.gxh7 Qxg5+ 33.Kb1 Na3+ {#R} 0-1

[Event "Portugal Open 2017"]
[Site "masterchessopen.com Lisbon POR"]
[Date "2017.02.10"]
[Round "9.3"]
[White "Annaberdiev,M"]
[Black "Indjic,A"]
[Result "0-1"]
[WhiteElo "2435"]
[BlackElo "2560"]

1.e4 c5 2.Nf3 d6 3.d4 cxd4 4.Nxd4 Nf6 5.Nc3 a6 6.Be2 Nbd7 7.O-O g6 8.Re1 Bg7
9.Bf1 O-O 10.Bg5 h6 11.Bh4 Nb6 12.a4 e5 13.Nb3 g5 14.Bg3 Be6 15.a5 Nc4 16.Bxc4
Bxc4 17.Nd2 Be6 18.Nf1 b5 19.axb6 Qxb6 20.Na4 Qc6 21.f3 Rfd8 22.Qc1 d5 23.exd5
Rxd5 24.Nc3 Rc5 25.Bxe5 Rd8 26.Bg3 g4 27.Rd1 Rxd1 28.Qxd1 Nd5 29.Be1 Rc4
30.Kh1 gxf3 31.Qxf3 Rf4 32.Qd3 Nb4 33.Qd8+ Kh7 34.Ne3 Qc5 35.Ne2 Re4 36.Bf2
Rxe3 37.Qd2 Rxe2 38.Qxe2 Qf5 39.c3 Nd3 40.Bd4 Nf4 41.Qf2 Bd5 42.Rg1 Bxd4
43.cxd4 Qe4 44.Qh4 Qxd4 45.h3 Qe5 46.Qg3 Qe4 47.Qh4 Nxg2 48.Qxe4+ Bxe4 49.Kh2
Kg6 50.Ra1 Bb7 51.Ra4 Ne3 52.Rb4 Bc8 53.Rb6+ Kg5 54.Rc6 Bb7 55.Rb6 Bc8 56.Rc6
Be6 57.Rxa6 Kf4 58.b4 Kf3 59.Kg1 Ke4 60.Rc6 Kd5 61.Rc5+ Kd6 62.Rh5 Nf5 63.b5
Ke5 64.b6 Bd5 {#R} 0-1

[Event "Portugal Open 2017"]
[Site "masterchessopen.com Lisbon POR"]
[Date "2017.02.10"]
[Round "9.4"]
[White "Grigoryan,K2"]
[Black "Kovalenko,I"]
[Result "0-1"]
[WhiteElo "2561"]
[BlackElo "2684"]

1.e4 c6 2.d4 d5 3.e5 Bf5 4.Nf3 e6 5.Be2 Ne7 6.O-O Nd7 7.a4 h6 8.a5 a6 9.b4 Ng6
10.c3 Be7 11.Ne1 O-O 12.g4 Bxb1 13.Rxb1 b6 14.Qa4 bxa5 15.bxa5 Rb8 16.Rxb8
Nxb8 17.f4 c5 18.f5 Nh4 19.f6 gxf6 20.Bxh6 fxe5 21.dxe5 c4 22.Nf3 Nxf3+
23.Bxf3 Nd7 24.Bxf8 Bxf8 25.Qc6 Nxe5 26.Qxa6 Bc5+ 27.Kg2 Qb8 28.Be2 Kg7 29.Bf3
Qb2+ 30.Kg3 Qxc3 31.Qb5 Nd3 32.Qb8 Bd4 33.Kh3 Be5 34.Qa7 Qd2 35.Qg1 Nf4+
36.Kh4 Ne2 {#R} 0-1

[Event "Portugal Open 2017"]
[Site "masterchessopen.com Lisbon POR"]
[Date "2017.02.10"]
[Round "9.5"]
[White "Carrasco Martinez,J"]
[Black "Gharamian,T"]
[Result "1-0"]
[WhiteElo "2352"]
[BlackElo "2624"]

1.d4 Nf6 2.Nf3 d5 3.c4 e6 4.e3 Bd6 5.Nbd2 b6 6.Bd3 Bb7 7.O-O Nbd7 8.b3 O-O
9.Bb2 Ne4 10.Qe2 a5 11.a4 Qe7 12.Rac1 c5 13.Rfd1 Rfd8 14.cxd5 exd5 15.Bb5 f5
16.g3 Ndf6 17.Nh4 Qe6 18.Nxe4 fxe4 19.dxc5 bxc5 20.Ng2 Rf8 21.Nf4 Bxf4 22.exf4
Rfc8 23.Ba3 Qb6 24.Qc2 e3 25.Bxc5 exf2+ 26.Qxf2 Qe6 27.Bd4 Ne4 28.Qf3 h6
29.Re1 Rxc1 30.Rxc1 Rc8 31.Rd1 Rf8 32.Qh5 Kh7 33.Qe5 Qg6 34.Bd3 Rf7 35.Rc1 Qg4
36.Kg2 Qd7 37.Qh5 Re7 38.f5 Qd6 39.f6 gxf6 40.Be3 d4 41.Qxh6+ Kg8 42.Bc4+ Re6
43.Bf4 Nc3+ 44.Kh3 Qc6 45.Qg6+ Kf8 46.Re1 Bc8 47.Bh6+ Ke7 48.Qg7+ Kd8 49.Bxe6
Bxe6+ 50.Kh4 Ne4 51.Qh8+ {#r} 1-0

[Event "Portugal Open 2017"]
[Site "masterchessopen.com Lisbon POR"]
[Date "2017.02.10"]
[Round "9.6"]
[White "Kovalev,Vl"]
[Black "Martin Duque,J"]
[Result "1-0"]
[WhiteElo "2598"]
[BlackElo "2312"]

1.d4 Nf6 2.Bf4 d5 3.e3 c5 4.c3 Nc6 5.Nd2 Qb6 6.Qb3 c4 7.Qc2 Bg4 8.Ngf3 e6
9.Nh4 Be7 10.h3 Bh5 11.g4 Bg6 12.Nxg6 hxg6 13.Bg2 Qd8 14.e4 Rc8 15.O-O O-O
16.e5 Nd7 17.Be3 g5 18.h4 f6 19.hxg5 fxe5 20.Qg6 exd4 21.cxd4 Nb6 22.Be4 dxe4
23.Qxe6+ Kh7 24.Kg2 g6 25.Rh1+ Kg7 26.Rh6 Qe8 27.Rah1 Rg8 28.d5 Bxg5 29.Rh7+
Kf8 30.Bc5+ Ne7 31.Qxg8+ {#r} 1-0

[Event "Portugal Open 2017"]
[Site "masterchessopen.com Lisbon POR"]
[Date "2017.02.10"]
[Round "9.9"]
[White "Teske,H"]
[Black "Vasques,A"]
[Result "1-0"]
[WhiteElo "2481"]
[BlackElo "2333"]

1.Nf3 Nf6 2.g3 g6 3.Bg2 Bg7 4.O-O O-O 5.c4 d6 6.Nc3 c5 7.d4 Nc6 8.dxc5 dxc5
9.Be3 Be6 10.Qa4 Nd7 11.Ng5 Nb6 12.Nxe6 Nxa4 13.Nxd8 Nxc3 14.Nxb7 Nxe2+ 15.Kh1
Rac8 16.Rad1 Ncd4 17.Rfe1 f5 18.Nxc5 f4 19.gxf4 Rxc5 20.Rxe2 Rxf4 21.Red2 {#r}
1-0

[Event "Portugal Open 2017"]
[Site "masterchessopen.com Lisbon POR"]
[Date "2017.02.10"]
[Round "9.11"]
[White "Sousa,Andre Ventura"]
[Black "Santos,AntonioP"]
[Result "1-0"]
[WhiteElo "2380"]
[BlackElo "2248"]

1.e4 c5 2.Nf3 Nc6 3.Bb5 g6 4.O-O Bg7 5.Nc3 Nd4 6.Ba4 e6 7.Nxd4 cxd4 8.Nb5 Qb6
9.c3 Ne7 10.Nxd4 Bxd4 11.cxd4 Qxd4 12.d3 O-O 13.Qc2 Nc6 14.Be3 Qg7 15.Qd2 Re8
16.d4 d5 17.Bh6 Qf6 18.Bg5 Qg7 19.e5 Qf8 20.Bf6 Bd7 21.Qf4 Rec8 22.Rac1 b5
23.Bc2 Rc7 24.Bb1 Rac8 25.Rc3 Nb4 26.Rh3 Rc4 27.Qh4 {#r} 1-0

[Event "Portugal Open 2017"]
[Site "masterchessopen.com Lisbon POR"]
[Date "2017.02.10"]
[Round "9.12"]
[White "Rego,P"]
[Black "Derakhshani,D"]
[Result "1-0"]
[WhiteElo "2232"]
[BlackElo "2373"]

1.Nf3 Nf6 2.g3 b6 3.Bg2 Bb7 4.d4 e6 5.c4 Be7 6.O-O O-O 7.Nc3 Ne4 8.Bd2 f5 9.d5
Bf6 10.Qc2 Bxc3 11.Bxc3 exd5 12.cxd5 Bxd5 13.Rfd1 Nxc3 14.Qxc3 Bb7 15.Ne5 d5
16.Qb3 c6 17.Nxc6 Bxc6 18.Rxd5 Qe8 19.Rd6+ Kh8 20.Re6 Qd7 21.Rd1 Qb7 22.Qa3
Rg8 23.Re7 Qc8 24.Rc1 Re8 25.Qd6 Rxe7 26.Qxe7 a5 27.Bxc6 Nxc6 28.Qd6 Qe8
29.Qxc6 h6 30.e3 Qd8 31.Qe6 Qd3 32.Qxb6 Qd2 33.Qc6 Rd8 34.Qc3 Qd5 35.Qd4 Qxd4
36.exd4 Rxd4 37.Rc5 Ra4 38.a3 g6 39.Rc6 Kg7 40.Ra6 h5 41.Kf1 Kh6 42.f3 Kg5
43.h4+ Kh6 44.Ra7 f4 45.Kf2 Rc4 46.gxf4 a4 47.Kg3 Rd4 48.Rb7 Rd2 49.Rb6 Kg7
50.f5 gxf5 51.Kf4 Rf2 52.Rb4 Kf6 53.Rxa4 Rxb2 54.Ra6+ Kg7 55.Kg5 Rb3 56.Ra7+
Kf8 57.f4 Rg3+ 58.Kxf5 Rg4 59.a4 Rxh4 60.a5 Rh3 61.Kf6 Kg8 62.a6 h4 63.Rg7+
Kh8 64.a7 Ra3 65.Rb7 {#r} 1-0

[Event "Portugal Open 2017"]
[Site "masterchessopen.com Lisbon POR"]
[Date "2017.02.10"]
[Round "9.13"]
[White "Ozer,Omer Faruk"]
[Black "Santos,JoseAl"]
[Result "1-0"]
[WhiteElo "2344"]
[BlackElo "2193"]

1.e4 e5 2.Nf3 Nc6 3.Bb5 a6 4.Ba4 d6 5.O-O Bd7 6.c3 g6 7.d4 Bg7 8.Re1 Nge7
9.Be3 O-O 10.Nbd2 Qe8 11.Bb3 h6 12.h3 Rd8 13.a4 b6 14.Qe2 a5 15.dxe5 dxe5
16.Bc4 Kh7 17.Bb5 f6 18.Nc4 Qf7 19.Na3 Be6 20.Nd2 f5 21.f3 f4 22.Bf2 g5
23.Rad1 Qg6 24.Bc4 Bc8 25.Nf1 h5 26.Nh2 Ng8 27.Nb5 Rxd1 28.Rxd1 Nf6 29.Kh1 g4
30.Bh4 g3 31.Nf1 Ne8 32.Bd5 Nb8 33.Be7 Rh8 34.Qc4 Bxh3 35.Bf7 Qh6 36.gxh3 Bf6
37.Bxf6 g2+ 38.Kxg2 Nxf6 39.Be6 Qg5+ 40.Kh1 Qh4 41.Qxc7+ Kh6 42.Nd6 {#r} 1-0

[Event "Portugal Open 2017"]
[Site "masterchessopen.com Lisbon POR"]
[Date "2017.02.10"]
[Round "9.14"]
[White "Veiga,Jose Francisco R P Neves"]
[Black "Palac,M"]
[Result "0-1"]
[WhiteElo "2069"]
[BlackElo "2600"]

1.e4 c5 2.Nf3 d6 3.Bb5+ Nd7 4.O-O a6 5.Bd3 Ngf6 6.Re1 e6 7.h3 Be7 8.c3 b5
9.Bc2 c4 10.a4 Bb7 11.d4 cxd3 12.Bxd3 bxa4 13.Qxa4 O-O 14.b4 a5 15.Bb2 axb4
16.Qb5 Rxa1 17.Bxa1 Nc5 18.Bc2 b3 19.Bxb3 Ba6 20.Qb4 Nd3 {#R} 0-1

[Event "Portugal Open 2017"]
[Site "masterchessopen.com Lisbon POR"]
[Date "2017.02.10"]
[Round "9.15"]
[White "Abergel,T"]
[Black "Gomez Dieguez,D"]
[Result "1-0"]
[WhiteElo "2464"]
[BlackElo "2219"]

1.Nf3 Nf6 2.g3 g6 3.Bg2 Bg7 4.O-O O-O 5.d3 d5 6.Nbd2 Nbd7 7.e4 dxe4 8.dxe4 e5
9.Qe2 b6 10.b3 Qe7 11.a4 Rd8 12.Bb2 Bb7 13.a5 Ne8 14.Rfd1 Nd6 15.Qe3 h6 16.a6
Bc6 17.Qc3 Bb5 18.Bf1 c5 19.Bxb5 Nxb5 20.Qc4 Nd6 21.Qe2 Qe6 22.Nb1 Nb8 23.Nc3
Nc6 24.Nd5 Rd7 25.c4 Re8 26.Re1 g5 27.Qd3 Qg6 28.Rad1 Nd4 29.Kg2 Kh7 30.h3
Rdd8 31.Nd2 h5 32.Nf3 Nc8 33.b4 Nxf3 34.Qxf3 cxb4 35.Nxb4 Ne7 36.Ba3 Nc6
37.Nxc6 Qxc6 38.Qxf7 Rxd1 39.Qxh5+ Kg8 40.Qxd1 Qxc4 41.Qd7 Rc8 42.Qxa7 Qa2
43.Re3 Rc2 44.Rf3 Qc4 45.Qxb6 Qxe4 46.a7 Kh7 47.Qa6 g4 48.hxg4 {#r} 1-0

[Event "Portugal Open 2017"]
[Site "masterchessopen.com Lisbon POR"]
[Date "2017.02.10"]
[Round "9.16"]
[White "Stahl,C"]
[Black "Fernandes,Ant"]
[Result "0-1"]
[WhiteElo "2167"]
[BlackElo "2463"]

1.e4 c5 2.Nc3 a6 3.Nf3 d6 4.d4 cxd4 5.Nxd4 Nf6 6.Bg5 e6 7.f4 b5 8.Qf3 Bb7
9.Bd3 Nbd7 10.O-O-O Qb6 11.Bxf6 Nxf6 12.Rhe1 O-O-O 13.Nb3 Bc6 14.Kb1 g6 15.Ne2
Bg7 16.Rc1 Kb8 17.g4 Nd7 18.c4 b4 19.f5 a5 20.Nd2 gxf5 21.gxf5 Bh6 22.Rc2 Ne5
23.Qh3 Qe3 24.Qxe3 Bxe3 25.Nc1 Bxd2 26.Rxd2 Nf3 27.Red1 Nxd2+ 28.Rxd2 Rhg8
29.Nb3 Ba4 30.fxe6 fxe6 31.Be2 Bxb3 32.axb3 Rg2 33.c5 d5 34.h4 Kc7 {#R} 0-1

[Event "Portugal Open 2017"]
[Site "masterchessopen.com Lisbon POR"]
[Date "2017.02.10"]
[Round "9.17"]
[White "Menezes,Chr"]
[Black "Gavrish,L"]
[Result "1-0"]
[WhiteElo "2404"]
[BlackElo "2212"]

1.d4 Nf6 2.c4 c5 3.d5 b5 4.cxb5 a6 5.bxa6 g6 6.Nc3 Bg7 7.Nf3 O-O 8.a7 Rxa7
9.e4 e6 10.Be2 exd5 11.exd5 d6 12.O-O Ba6 13.Re1 Re8 14.Be3 Ne4 15.Nxe4 Rxe4
16.Bxa6 Nxa6 17.Rb1 Qa8 18.Nd2 Re5 19.Nc4 Rxd5 20.Qf3 Rd3 21.Red1 Nb4 22.Qxa8+
Rxa8 23.a3 Rxd1+ 24.Rxd1 Nc2 25.Rxd6 Nxe3 26.fxe3 Rb8 27.Rb6 Rxb6 28.Nxb6 Bxb2
29.Nc4 Bc3 30.a4 f5 31.a5 Bxa5 32.Nxa5 Kg7 33.Kf2 Kf6 34.Nc4 Ke6 35.e4 fxe4
36.Ke3 Kd5 37.Nd2 Ke5 38.Nxe4 c4 39.g4 h6 40.Nc3 h5 41.h3 h4 42.Ne4 Kd5 43.Ng5
c3 44.Kd3 Ke5 45.Nf3+ Kf4 46.Nxh4 g5 47.Nf5 Kf3 48.Kxc3 {#r} 1-0

[Event "Portugal Open 2017"]
[Site "masterchessopen.com Lisbon POR"]
[Date "2017.02.10"]
[Round "9.19"]
[White "Rocha,S"]
[Black "Cuevas Fernandez,M"]
[Result "1-0"]
[WhiteElo "2378"]
[BlackElo "2167"]

1.d4 Nf6 2.Nf3 e6 3.c4 c5 4.d5 b5 5.dxe6 fxe6 6.cxb5 d5 7.Bf4 Nbd7 8.e3 c4
9.Nc3 Bb4 10.Be2 Ne4 11.Qc2 Qf6 12.Rc1 a6 13.bxa6 Rxa6 14.O-O Bxc3 15.bxc3 Ra3
16.Bxc4 g5 17.Nxg5 Nxg5 18.Bb5 Ne4 19.c4 Rc3 20.Qe2 O-O 21.cxd5 exd5 22.Rcd1
Rc5 23.Qg4+ Qg7 24.Qxg7+ Kxg7 25.Bxd7 Bxd7 26.f3 Rxf4 27.exf4 Nc3 28.Rd2 Bb5
29.Ra1 d4 30.a4 Ba6 31.Kf2 Rc4 32.a5 Rb4 33.g4 Kf6 34.Rc1 Rc4 35.Rxd4 Rxd4
36.Rxc3 Bb5 37.Rc5 Bd7 38.Kg3 Rd3 39.h4 Ba4 40.g5+ Ke6 41.f5+ Kd6 42.Rc4 Bb3
43.Rf4 Ke5 44.Kg4 Bd5 45.g6 hxg6 46.fxg6 Rd1 47.Rf5+ Ke6 48.h5 Rg1+ 49.Kf4
Bxf3 50.Rg5 Rf1 51.h6 Bh5+ 52.Ke4 Re1+ 53.Kd4 Bxg6 54.Rxg6+ Kf7 55.Rb6 Ra1
56.a6 Kg8 57.Kc5 Kh7 58.Rf6 Rb1 59.a7 Ra1 60.Kb6 {#r} 1-0

[Event "Portugal Open 2017"]
[Site "masterchessopen.com Lisbon POR"]
[Date "2017.02.10"]
[Round "9.21"]
[White "Okamura,M"]
[Black "Coiffait,Pierre-Basile"]
[Result "1-0"]
[WhiteElo "2034"]
[BlackElo "2248"]

1.d4 Nf6 2.c4 e6 3.Nc3 Bb4 4.e3 b6 5.Ne2 Ba6 6.a3 Bxc3+ 7.Nxc3 d5 8.cxd5 Bxf1
9.Kxf1 exd5 10.f3 O-O 11.Kf2 Nc6 12.Re1 Nh5 13.b4 f5 14.Kg1 Nf6 15.Qd3 Qd7
16.Bd2 Rae8 17.Rac1 a5 18.b5 Nd8 19.Qc2 Ne6 20.Qxf5 Ne4 21.Qxd5 Qxd5 22.Nxd5
Nxd2 23.Nxc7 Nxc7 24.Rxc7 Nb3 25.Kf2 Rc8 26.Rc6 a4 27.d5 Na5 28.e4 Nxc6
29.bxc6 Kf7 30.Ke3 Ke7 31.Kd4 Rf6 32.Rc1 g5 33.Ke5 Rh6 34.h3 Rf6 35.Rc4 b5
36.Rc2 h5 37.Kd4 g4 38.fxg4 hxg4 39.e5 Rf4+ 40.Kc5 Rf5 41.Re2 gxh3 42.gxh3 Rd8
43.c7 Rh8 44.Kc6 Rf3 45.Rc2 Rd3 46.d6+ Ke6 47.Rc5 b4 48.axb4 a3 49.Ra5 a2
50.Rxa2 Rc3+ 51.Kb7 Kd7 52.Ra5 Rc4 53.Rb5 Rxh3 54.Rb6 Re3 55.Rb5 Rh3 56.Kb6
Rhh4 57.Ka5 Rh1 58.Rb8 Ra1+ 59.Kb5 Rac1 60.Rd8+ Ke6 61.Re8+ Kd7 62.Re7+ Kc8
63.e6 Rh4 64.Re8+ Kb7 65.Rb8+ Ka7 66.c8=Q Rh5+ 67.Ka4 Ra1+ 68.Kb3 Rh3+ 69.Kb2
Rb3+ 70.Kxb3 Ra3+ 71.Kc2 Ra2+ 72.Kc3 Rc2+ 73.Kd4 Rd2+ 74.Kc4 Rd4+ 75.Kb5 Rxb4+
76.Kc6 Rb6+ 77.Kc7 Rc6+ 78.Kd8 Rxd6+ 79.Qd7+ {#r} 1-0

[Event "Portugal Open 2017"]
[Site "masterchessopen.com Lisbon POR"]
[Date "2017.02.10"]
[Round "9.25"]
[White "Baptista,A"]
[Black "Carneiro,C"]
[Result "0-1"]
[WhiteElo "2094"]
[BlackElo "2182"]

1.e4 c5 2.Nf3 g6 3.d4 cxd4 4.Qxd4 Nf6 5.e5 Nc6 6.Qh4 Nxe5 7.Nxe5 Qa5+ 8.Nc3
Qxe5+ 9.Be2 Bg7 10.Bf4 Qa5 11.O-O-O O-O 12.Bh6 d6 13.g4 Bxh6+ 14.Qxh6 Bxg4
15.f3 Bf5 16.h4 Rac8 17.Bd3 Rc5 18.h5 Bxd3 19.Rxd3 Rxh5 20.Rxh5 Qxh5 21.Qe3
Qc5 22.Qxe7 Qg5+ 23.Kb1 h5 24.Rd5 Qf4 25.Rxd6 Re8 26.Rd8 Rxd8 27.Qxd8+ Kg7
{#R} 0-1

[Event "Portugal Open 2017"]
[Site "masterchessopen.com Lisbon POR"]
[Date "2017.02.10"]
[Round "9.26"]
[White "Cruz,Jor"]
[Black "Alberto,M ANG"]
[Result "0-1"]
[WhiteElo "2072"]
[BlackElo "2174"]

1.e4 e5 2.Nf3 Nc6 3.Bb5 a6 4.Ba4 Bc5 5.O-O d6 6.c3 b5 7.Bc2 Bg4 8.h3 Bh5 9.d3
Nf6 10.Qe2 h6 11.Be3 g5 12.Nbd2 Rg8 13.Bxc5 dxc5 14.Qe3 Qe7 15.g4 Bxg4 16.hxg4
Nxg4 17.Qe2 h5 18.Nh2 Nf6 19.a4 b4 20.a5 Nd8 21.Nc4 Ne6 22.Ne3 Nf4 23.Qd2 Qe6
24.Nf5 b3 25.Bb1 Rd8 26.Qe3 Qc6 27.Ra3 c4 28.dxc4 Qxc4 29.Re1 Rg6 30.Nf3 Ng4
31.Qa7 Rgd6 32.Nxd6+ Rxd6 33.Qb8+ Ke7 34.Qb4 Qe6 35.Qxb3 Nh3+ 36.Kg2 Qf6 37.c4
Ngxf2 38.Qc3 Re6 39.Qb4+ Kd7 40.Bc2 g4 41.Ba4+ c6 42.Rd1+ Nxd1 43.Rd3+ Kc8
44.Qf8+ Kc7 45.Rb3 gxf3+ 46.Kxh3 Nf2+ 47.Kg3 Nxe4+ 48.Kh3 Qf5+ 49.Kh2 Qf4+
50.Kh1 Qh4+ 51.Kg1 {#R} 0-1

[Event "Portugal Open 2017"]
[Site "masterchessopen.com Lisbon POR"]
[Date "2017.02.10"]
[Round "9.27"]
[White "McGowan,D"]
[Black "Fathallah,J"]
[Result "1-0"]
[WhiteElo "2168"]
[BlackElo "2003"]

1.e4 e6 2.d4 d5 3.Nd2 Nf6 4.e5 Nfd7 5.Bd3 c5 6.c3 Nc6 7.Ne2 f6 8.exf6 Qxf6
9.Nf3 Bd6 10.Bg5 Qf7 11.O-O O-O 12.Ng3 e5 13.dxe5 Ndxe5 14.Nxe5 Nxe5 15.Be2 b6
16.f4 Nd7 17.Bh5 g6 18.Bf3 Bb7 19.c4 Kg7 20.Bxd5 Bxd5 21.cxd5 Rae8 22.Qg4 h6
23.Bh4 Be7 24.Bxe7 Qxe7 25.Rad1 Nf6 26.Nf5+ Kh7 27.Nxe7 Nxg4 28.Rfe1 Nf6 29.d6
Nd7 30.Nc6 Rxe1+ 31.Rxe1 Kg7 32.g3 a6 33.Kf2 Kf6 34.Kf3 Rc8 35.Ne7 Re8 36.Nd5+
Kf7 37.Rxe8 Kxe8 38.Ke4 Kf7 39.Nc7 Kf6 40.Kd5 Nb8 41.h3 h5 42.Na8 b5 43.Kxc5
Ke6 44.Nb6 b4 45.d7 Ke7 46.Kxb4 Nc6+ 47.Kc5 Nd8 48.b4 h4 49.gxh4 Ne6+ 50.Kc6
Nxf4 51.Nd5+ Nxd5 52.Kxd5 Kxd7 53.a4 {#r} 1-0

[Event "Portugal Open 2017"]
[Site "masterchessopen.com Lisbon POR"]
[Date "2017.02.10"]
[Round "9.32"]
[White "Bebchuk,L"]
[Black "Guimaraes,R"]
[Result "0-1"]
[WhiteElo "2028"]
[BlackElo "2126"]

1.e4 c5 2.Ne2 d6 3.g3 Nc6 4.Bg2 g6 5.c3 Bg7 6.d4 b6 7.O-O Bb7 8.Be3 Nf6 9.h3
O-O 10.Nd2 Rc8 11.d5 Na5 12.c4 Ba6 13.Qc2 b5 14.b3 Nd7 15.Rab1 bxc4 16.bxc4
Nb6 17.Rfe1 Naxc4 18.Nxc4 Nxc4 19.Qa4 Qa5 20.Qxa5 Nxa5 21.Bf1 Bd3 22.Rbd1 Bc2
23.Rc1 Bd3 24.Nf4 Bxf1 25.Kxf1 Rb8 26.Bd2 Rb5 27.a4 Nb3 28.axb5 Nxd2+ 29.Ke2
Nb3 30.Rc4 Nd4+ 31.Kf1 Nxb5 32.Nd3 Bd4 33.Nc1 a5 34.Ne2 Bg7 35.Ra4 Ra8 36.Rb1
Nc3 37.Nxc3 Bxc3 38.Rb7 Kf8 39.Ke2 Bb4 40.Kd3 Re8 41.Ra2 e6 42.dxe6 Rxe6 43.f3
g5 44.Ra7 h5 45.Rh2 Rf6 46.Ke3 c4 47.Ra8+ Kg7 48.h4 g4 49.f4 Re6 50.Kd4 Be1
51.Rg2 Re7 52.Kxc4 Rxe4+ 53.Kd5 Re3 54.Kxd6 Bxg3 55.Rxa5 Bxf4+ 56.Kd7 Kg6
57.Rc2 f6 58.Rc8 Be5 59.Rg8+ Kf7 60.Raa8 Rd3+ 61.Kc6 g3 62.Raf8+ Ke6 63.Rg6
Kf5 64.Rfg8 Rd4 65.Rh6 Rxh4 66.Kc5 Bf4 67.Rh7 Bg5 68.Rd7 g2 {#R} 0-1

[Event "Elite Hotels Vaxjo Open"]
[Site "masterchessopen.com Vaxjo SWE"]
[Date "2017.02.10"]
[Round "2.1"]
[White "Samuelsson,SG"]
[Black "Blomqvist,E"]
[Result "0-1"]
[WhiteElo "2080"]
[BlackElo "2573"]

1.d4 d5 2.Nf3 Nf6 3.c4 c6 4.Nc3 dxc4 5.a4 Bf5 6.e3 e6 7.Bxc4 Bb4 8.O-O Nbd7
9.Qe2 Bg6 10.Rd1 O-O 11.h3 Qe7 12.a5 e5 13.dxe5 Nxe5 14.Nxe5 Qxe5 15.f4 Qc5
16.Na4 Qxa5 17.g4 Be4 18.Bd2 Bxd2 19.Nc3 Bxc3 20.Rxa5 Bxa5 21.g5 Nd5 22.Rd4
Rae8 23.Bxd5 Bxd5 {#R} 0-1

[Event "Elite Hotels Vaxjo Open"]
[Site "masterchessopen.com Vaxjo SWE"]
[Date "2017.02.10"]
[Round "2.2"]
[White "Tikkanen,H"]
[Black "Isaxon,Alf"]
[Result "1-0"]
[WhiteElo "2518"]
[BlackElo "2064"]

1.e4 e5 2.Nf3 Nc6 3.Bb5 f5 4.d3 Nf6 5.O-O Bc5 6.exf5 O-O 7.Nxe5 Nxe5 8.d4 Bxd4
9.Qxd4 d6 10.f4 Neg4 11.h3 Nh6 12.g4 Nfxg4 13.hxg4 Qh4 14.Qd5+ Kh8 15.Be2 Nxg4
16.Qh1 Qxh1+ 17.Kxh1 Bxf5 18.Bd3 Rae8 19.Nc3 Bxd3 20.cxd3 b5 21.Bd2 b4 22.Ne4
Rf5 23.Ng3 Rd5 24.Rae1 Rxe1 25.Rxe1 h5 26.Bxb4 Nf2+ 27.Kg2 Nxd3 28.Re8+ Kh7
29.Bc3 Nxf4+ 30.Kf3 Ng6 31.Rc8 Rd3+ 32.Kf2 h4 33.Ne4 d5 34.Ng5+ Kh6 35.Nf3 h3
36.Rxc7 Nf4 37.Bxg7+ Kh5 38.Be5 h2 39.Rh7+ Kg4 40.Rh4+ Kf5 41.Rxf4+ Ke6
42.Rf6+ {#r} 1-0